000 00311nam a2200145Ia 4500
100 _aOrlov/ P.
490 _vI
942 _cBK
654 _aMachine design
245 _aFundamentals of machine design
260 _bMir Publishers
_aMoscow
_c1976
082 _a621.815
300 _a517
546 _aENGLISH
999 _c34342
_d34342